Представление документа в формате RUSMARC

ПолеНазваниеЗначение
  Тип записи a
  Библиографический уровень m
001 Контрольный номер RU\bookru\bibl\902489
003 Постоянный идентификатор записи http://www.book.ru/book/902489
005 Дата корректировки 20161026111804.4
010 Индекс ISBN __
a ISBN 978-5-406-00942-0
100 Данные общей обработки 0_
a Данные общей обработки 20130213d2012 mk y0rusy50 ca
101 Язык документа 0_
a Язык текста Русский
102 Страна публикации __
a Страна публикации RU
105 Кодированные данные (монография) __
a Кодированные данные (монография) y ||||000yy
200 Заглавие и сведения об ответственности 1_
a Заглавие Организация деятельности центрального банка
210 Выходные данные __
a Место издания Москва
c Издательство КноРус
d Дата издания 2012
215 Физическое описание __
a Объем 440
330 Аннотация __
a Аннотация Освещаются ключевые вопросы, раскрывающие сущность и происхождение центрального банка, его функции и роль в развитии экономики, содержание выполняемых им функций. Излагаются теоретические основы и концепции денежно-кредитной политики. Описывается взаимодействие центрального банка и правительства, его взаимоотношения с международными валютно-кредитными и финансовыми институтами. Раскрываются сущность банковского регулирования и надзора, практика организации надзорной деятельности за рубежом и в России.
Д ля студентов, аспирантов и преподавателей экономических вузов и факультетов, научных работников, слушателей системы послевузовского образования, экономистов, работников финансово-банковской сферы.
606 Тематические рубрики __
a Основная рубрика Банковское дело. Кредит
2 Код системы local
608 Указатель предметных рубрик __
a Жанр/форма Учебник
2 Код системы local
675 Индекс УДК __
a Индекс УДК 336.7(075.8)
z Язык издания rus
686 Индексы других классификаций __
a Классификационный индекс 65.262.1
2 Код системы rubbk
700 Автор _1
a Фамилия Фетисов Г.Г., Лаврушин О.И., Мамонова И.Д.
801 Источник записи _1
a Страна RU
b Организация book_ru
c Дата составления 20130213
g Правила каталогизации RCR
856 Электронный адрес документа 4_
u Универсальный указатель ресурса (URL) http://www.book.ru/book/902489
951 __
a http://www.book.ru/book/902489